000 00250nam a2200097Ia 4500
008 220204s9999 xx 000 0 und d
082 _a541.2
_bLAR
245 0 _aLarge amplitude motion in molecules. 1
260 _aNew York
_bSpringer
_c1979
942 _cBK
999 _c34545
_d34545